000 00873cad a22002055a 4500
001 L156992
008 807 s20120806xxk f 000 0 eng d
035 _a(Sirsi) u156992
041 0 _aeng
050 0 4 _a333.33 $2 18
110 2 _aLloyds Banking Group
_95822
245 0 0 _aHalifax house price index
_bJuly 2012
_h[electronic resource]
260 _aLondon
_bLloyds Banking Group
_c2012
520 _aUK house prices fell by 0.6% in July 2012, a 0.6% decrease since July 2011. Predicts that house prices will continue to fluctuate on a monthly basis due to current economic conditions and supply and demand issues.
590 _aKA
651 4 _aUnited Kingdom
_y
690 _aResidential property
_96266
856 4 0 _uhttps://www.lloydsbankinggroup.com/media/pdfs/halifax/2012/0608_HPI.pdf
_zView this item free of charge at www.lloydsbankinggroup.com
942 _n0
999 _c114536
_d114536